Rómovia v Uhorsku koncom 19. storočia výsledky Súpisu Rómov z roku 1893

Ciele, východiská a priebeh "súpisu Cigánov" z roku 1893. Usadení, polokočovní a kočovní Rómovia. Niekoľko všeobecných charakteristík. Majetkové pomery. Rómske deti a škola. Bytové podmienky. Veková štruktúra. Rodinný stav. Vierovyznanie. Jazyk. Schopnosť čítať a písať. Spôsob obživy.

Saved in:
Bibliographic Details
Main Author: Džambazovič, Roman
Format: Book Chapter
Language:Slovak
Subjects:
Tags: Add Tag
No Tags, Be the first to tag this record!

MARC

LEADER 00000naa a2200000 4500
001 r043213
005 20230929070544.8
041 0 |a slo 
044 |a SK 
245 1 0 |a Rómovia v Uhorsku koncom 19. storočia  |b výsledky Súpisu Rómov z roku 1893  |c Roman Džambazovič 
520 |a Ciele, východiská a priebeh "súpisu Cigánov" z roku 1893. Usadení, polokočovní a kočovní Rómovia. Niekoľko všeobecných charakteristík. Majetkové pomery. Rómske deti a škola. Bytové podmienky. Veková štruktúra. Rodinný stav. Vierovyznanie. Jazyk. Schopnosť čítať a písať. Spôsob obživy. 
610 2 0 |a Rómovia 
610 2 0 |a prieskum sociologický 
610 2 0 |a výskum sociologický 
610 2 0 |a deti 
610 2 0 |a školy 
610 2 0 |a vek 
610 2 0 |a podmienky životné 
610 2 0 |a rodina 
610 2 0 |a negramotnosť 
610 2 0 |a Uhorsko 
100 1 |a Džambazovič, Roman